Xiang dang hai dao de tu zi = (Record no. 190123)

MARC details
000 -LEADER
fixed length control field 01094nam a2200301 i 4500
003 - CONTROL NUMBER IDENTIFIER
control field OSt
008 - FIXED-LENGTH DATA ELEMENTS--GENERAL INFORMATION
fixed length control field 221122s2022 cc a jr 000 1 chi d
020 ## - INTERNATIONAL STANDARD BOOK NUMBER
International Standard Book Number 9787531361749
Terms of availability RM33.60
Qualifying information paperback
040 ## - CATALOGING SOURCE
Original cataloging agency PPAK
Language of cataloging eng
Transcribing agency PPAK
Description conventions rda
082 04 - DEWEY DECIMAL CLASSIFICATION NUMBER
Classification number 895.136
Edition number 23
090 00 - LOCALLY ASSIGNED LC-TYPE CALL NUMBER (OCLC); LOCAL CALL NUMBER (RLIN)
Classification number (OCLC) (R) ; Classification number, CALL (RLIN) (NR) 895.136
Feature heading ZHA
Feature heading K
100 1# - MAIN ENTRY--PERSONAL NAME
Personal name Zhang, Qiusheng,
Relator term author.
245 10 - TITLE STATEMENT
Linkage 880-02
Title Xiang dang hai dao de tu zi =
Remainder of title The Rabbit Who Wants to Be a Pirate /
Statement of responsibility, etc. Zhang qiu sheng zhe
246 33 - VARYING FORM OF TITLE
Title proper/short title Xiǎng dāng hǎidào de tùzǐ
250 ## - EDITION STATEMENT
Edition statement Di 1 ban
264 #1 - PRODUCTION, PUBLICATION, DISTRIBUTION, MANUFACTURE, AND COPYRIGHT NOTICE
Place of production, publication, distribution, manufacture LiaoNing, China :
Name of producer, publisher, distributor, manufacturer Spring Breeze Literature and Art Press,
Date of production, publication, distribution, manufacture, or copyright notice 2022
300 ## - PHYSICAL DESCRIPTION
Extent 153 pages :
Other physical details colour illustrations ;
Dimensions 21 cm.
336 ## - CONTENT TYPE
Content type term text
Source rdacontent
Content type term still image
Source rdacontent
337 ## - MEDIA TYPE
Media type term unmediated
Source rdamedia
338 ## - CARRIER TYPE
Carrier type term volume
Source rdacarrier
490 1# - SERIES STATEMENT
Linkage 880-3
Series statement A Collection of Classic Little Slap Fairy Tales
650 10 - SUBJECT ADDED ENTRY--TOPICAL TERM
Topical term or geographic name entry element Children's stories, Chinese
830 #0 - SERIES ADDED ENTRY--UNIFORM TITLE
Uniform title A Collection of Classic Little Slap Fairy Tales
880 1# - ALTERNATE GRAPHIC REPRESENTATION
Linkage 100-01
a 张秋生
e 作者.
Linkage 245-02
a 想当海盗的兔子 / 张秋生
942 ## - ADDED ENTRY ELEMENTS (KOHA)
Source of classification or shelving scheme Dewey Decimal Classification
Koha item type Book
Holdings
Withdrawn Not for loan Current library Shelving location Date acquired Total Checkouts Total Renewals Full call number Barcode Date last seen Date last checked out Koha item type
    Perpustakaan Alor Setar Pinjaman Kanak-kanak 11/01/2023 2 1 K 895.136 ZHA A01765687 03/03/2024 20/01/2024 Book
    Perpustakaan Awam Sungai Petani Pinjaman Kanak-kanak 11/01/2023 6 1 K 895.136 ZHA A01765688 01/03/2026 02/02/2026 Book